Albany International Airport Destinations (Albany, NY, USA) - Statistics

General Stats
  • This quiz has been taken 143 times
    74 since last reset
  • The average score is 20 of 25
Answer Stats
Airline Destination % Correct
United Express Washington (Dulles)
100%
American Eagle/Southwest Airlines Washington (National)
100%
Southwest Airlines Chicago (Midway)
98%
American Eagle/United Airlines/United Express Chicago (O'Hare)
98%
American Eagle Miami
96%
Delta Air Lines Atlanta
94%
Delta Connection New York (LaGuardia)
94%
JetBlue/Southwest Airlines Orlando
94%
Allegiant Air Orlando/Sanford
94%
American Airlines/American Eagle Charlotte
92%
Delta Air Lines/Delta Connection Detroit
92%
Southwest Airlines Baltimore
90%
American Airlines Dallas/Fort Worth
90%
American Eagle Philadelphia
88%
Southwest Airlines Denver
86%
Southwest Airlines Tampa
82%
JetBlue/Southwest Airlines Fort Lauderdale
74%
Southwest Airlines Las Vegas
72%
Avelo Airlines/Breeze Airways Raleigh/Durham
60%
Allegiant Air Myrtle Beach
56%
Allegiant Air/Southwest Airlines Nashville
56%
Allegiant Air Sarasota
56%
Breeze Airways Charleston (SC)
46%
Allegiant Air Punta Gorda
44%
Allegiant Air St. Petersburg/ Clearwater
44%
No matching quizzes found
Score Distribution
Percent of People with Each Score
Percentile by Number Answered
Your Score History
You have not taken this quiz since the last reset